000 00815nam a2200229 i 4500
001 178503
003 ES-MaACL
005 20230906220539.0
008 110603s1982 sp ao ||||1| spa d
020 _a84-86152-01-1
080 _a616.34(075.8)
100 1 _aLozano Tonkin, Carlos.
_974471
245 1 0 _aGastroenterología
_b: hígado, páncreas y bazo /
_cpor Carlos Lozano Tonkin.
260 _aMadrid :
_bLuzán 5,
_c[1982]
300 _a478 p. , [1] h. de lám. :
_bil. ;
_c24 cm.
490 1 _aPregrado: colección de lecciones de patología médica ;
_v1
504 _aBibliografía: p. 472-478.
650 4 _aGastroenterología.
_9136168
830 1 _aPregrado: colección de lecciones de patología médica ;
_v1
_9191005
852 _aES-MaACL
_jE-15254
_xOlim P-1047
999 _c178503
_d178503